Score 0/35 Timer 04:00
1 Play Today
Hint 4-Letter Word % Correct
To cook a cakeBAKE
96.3%
Burrowing mammalMOLE
92.2%
Food fungusMOLD
91.6%
SpeedyFAST
88.4%
Jackman of X-Men fameHUGH
88%
Quiet down!HUSH
87.9%
TwilightDUSK
86.2%
Deep audible breathSIGH
85.9%
Corn cob coverHUSK
85.6%
☢ . . . a detachment of Edwards Air Force ____BASE
81.5%
Actors in a playCAST
81%
Star Wars dark lordSITH
80.9%
Small missile thrown at gameboardDART
80.6%
☢ . . . off SR 375, aka 'Extraterrestrial ____way' ☢HIGH
80.3%
☢ In a ___ War era installation . . . ☢COLD
80.1%
College society for men (abbrev)FRAT
80%
Diet beerLITE
79.7%
☢ WHERE AM I? ____ 51 ☢AREA
77.8%
Hint 4-Letter Word % Correct
Tree trunkBOLE
76%
Dry climateARID
75.2%
MA based sound tech companyBOSE
75%
☢ . . . connected to the Nevada Test ____ network ☢SITE
74.5%
Operatic soloARIA
74.4%
In the wee hoursLATE
73.4%
☢ . . . officially known as Groom ____LAKE
71.2%
☢ . . . the place of an alleged flying ____DISK
68.7%
☢ . . . the home of Project OX____ (Lockheed A-12) ☢CART
66.8%
Gossip that is dishedDIRT
63.1%
Short daggerDIRK
59.1%
____ accompliFAIT
55.8%
☢ . . . bordering nuclear test region Yucca ____FLAT
46.2%
Mixture fused to make glassFRIT
41.9%
Courage, resolveGRIT
41.8%
Move swiftly and nimblyFLIT
41.7%
☢ . . . possibly named because of an
Atomic Energy Commission numbered ____: ☢
GRID
41.5%

Today's Daily Dose

Remove Ads.
Support Sporcle.
Get the best of Sporcle when you Go Orange. This ad-free experience offers more features, more stats, and more fun while also helping to support Sporcle. Thank you for becoming a member.

You're not logged in!

Compare scores with friends on all Sporcle quizzes.
OR
Log In

Show Comments

Extras

Top Quizzes Today


Score Distribution

Your Account Isn't Verified!

In order to create a playlist on Sporcle, you need to verify the email address you used during registration. Go to your Sporcle Settings to finish the process.

Report this User

Report this user for behavior that violates our Community Guidelines.

Details: